|
|
|
|
| LEADER |
00000cam a2200000 7i4500 |
| 001 |
0000008864 |
| 002 |
000009663 |
| 005 |
20000330.0 |
| 020 |
|
|
|a 9830460363
|
| 090 |
0 |
0 |
|a 297.22
|b KUN
|
| 245 |
0 |
0 |
|a 5 kunci perkara ghaib...yang hanya diketahui oleh Allah S.W.T
|
| 260 |
|
|
|a Kuala Lumpur :
|b Darul Nu'man ,
|c 1995
|
| 300 |
|
|
|a 81p. ;
|c 19cm.
|
| 650 |
0 |
0 |
|a Miracles
|
| 700 |
0 |
|
|a Rohaizan B. Mohd. Zain
|
| 999 |
|
|
|a 043954
|b BUKU
|c PINJAMAN
|e PERPUSTAKAAN KOMUNITI PETALING JAYA
|
| 999 |
|
|
|a 043955
|b BUKU
|c PINJAMAN
|e PERPUSTAKAAN KOMUNITI PETALING JAYA
|
| 999 |
|
|
|a 046476
|b BUKU
|c PINJAMAN
|e PERPUSTAKAAN KOMUNITI CAW KOTA DAMANSARA
|